000 00676nab a2200205 4500
001 244442
003 OSt
005 20230807123008.0
007 tu
008 200917s2020|||||||
040 _aDE-2950
_cDE-2950
245 0 0 _aAuf weitere Fälle vorbereitet.
_bGift. Vor knapp einem Jahr schwammen die ersten toten Fische in der Oder. In Frankfurt versuchte man schnell, gegen die Umweltkatastrophe anzukämpfen/
_cLisa Mahlke
264 _c2023
653 _aFrankfurt (Oder)
653 _aOder
653 _aUmweltkatastrophe
653 _aMassnahmeplan
773 0 _g34. Jahrgang (2023) Nr. 181 vom 05.08.2023, S. 15, mit Foto
_tMärkische Oderzeitung
942 _2z
_cA
999 _c372669
_d372669